Регионална библиотека "Любен Каравелов" - Русе

Хиляда години молитви (Запис номер 145924)

MARC детайли
000 -Лидер
Контролно поле с фиксирана дължина 01473nam a2200349 c 4500
003 - Код на организацията, давaща контролен номер
Контролно поле BLK
005 - Дата и час на последна редакция
Контролно поле 20231102152742.0
008 - Елементи от данни с фиксирана дължина
fixed length control field 180410b bul|||||r ||||||| ||bul||
010 ## - Наследен системен номер
LC control number KNG00152110000
020 ## - Международен стандартен номер на книга ISBN
Международен стандартен номер на книга ISBN 978-954-28-0973-9
-- издат.: Ciela Soft and Publ.
040 ## - Източник на каталожния запис
Идентификатор на билиотеката - собственик на записа BLK
041 ## - Код за език
Код за езика на текст/звукозапис или на отделно заглавие Български
Код за езика КДБФ Български
072 #7 - Код за тематичната категория
Код организация bullib
Код за тематична категория Н83
Текст Чужда художествена литература Н
080 ## - УДК
Текстов определител УДК Американска литература (на САЩ)
УДК код - определител по УДК 821.111(73)
УДК определител -31
УДК - код + определител 821.111(73)-31
080 ## - УДК
Текстов определител УДК Американска литература (на САЩ)
УДК код - определител по УДК 821.111(73)
УДК определител -054.4-31
УДК - код + определител 821.111(73)-054.4-31
100 1# - Редна дума - Автор
Автор Ли Июн
Авторска отговорност първи автор
R(LIN) 324541
139 ## - Редно поле
Редна дума Ли Июн
Авторски знак Ли - Л 54
245 10 - Сведения за заглавието
Заглавие Хиляда години молитви
Редно поле (дума) Ли Июн; прев. от англ. Анелия Александрова Данилова.
257 ## - Страна на издаване
Страна на създаване/издаване Китай
260 ## - Област на издателските данни
-- София
Име на издателя, разпространителя и проч. Ciela Soft and Publ.
Година на издаване 2011
Печатница В. Търново : Абагар
300 ## - Физическа характеристика
Страници 188 с.
Размери/Мащаб 21 см
380 ## - Жанр
Жанр Худож. лит.
500 ## - Общи забележки
Забележка Ориг. загл. A thousand years of good prayers / Yiyun Li.
659 ## - Тематичен бюлетин
Тематичен бюлетин Н
700 1# - Други автори (авторска отговорност)
Лично име Данилова, Анелия Александрова
Дати, свързани с автора 1957 -
Друга информация Преводач от английски език
9 (RLIN) 58525
852 ## - Местоположение
Форматна сигнатура Цб 265565
856 4# - Електронен адрес и достъп
Електронен формат pdf - файл
Път до файла /url/
856 4# - Електронен адрес и достъп
Електронен формат pdf - файл
Път до файла /url/
942 ## - АРТИКУЛИ
Вид на библиотечния материал Книги
Скрит в OPAC Не
Koha issues (borrowed), all copies 1
944 ## - СЪЗДАВАНЕ И РЕДАКЦИЯ на ЗАПИСА
Създаване/Редакция Създаване
Дата на регистрацията/редакция 18.10.2013
Служител, извършил регистрацията/редакцията 30560
Статус, дата на статуса Геновева Генчева
944 ## - СЪЗДАВАНЕ И РЕДАКЦИЯ на ЗАПИСА
Създаване/Редакция Редакция
Дата на регистрацията/редакция 16.06.2014
Служител, извършил регистрацията/редакцията
999 ## - СИСТЕМНИ КОНТРОЛНИ НОМЕРА
Koha biblionumber 145924
Koha biblioitemnumber 145924
Наличности
Код за отписване Код за изгубен артикул Код за повреда Коз за рестрикции Код за отдаване Артикулен № Име на библиотеката - собственик Име на библиотеката, в която се намира в момента Статус (Текущо местоположение) Дата на вписване в системата Местоположение - отдел Цена в лева Инвентарен номер Систематично азбучна сигнатура Баркод Номер на екземпляра Цена в евро Служебна бележка Служебен тип на артикула Източник на класификационната схема
  Не е изгубен Не е повреден без рестрикции ползва се в читалня 242406 Регионална библиотека "Любен Каравелов" Русе Регионална библиотека "Любен Каравелов" Русе Хранилище 2013-10-21 Хранилище 12.00 120000770812 Цб 265565 120000770812 1 6.14 Дост: Dp Вид: Д N: 38 Дата: 17.09.2012 Книги  
  Не е изгубен Не е повреден без рестрикции заемане за дома 748992 Регионална библиотека "Любен Каравелов" Русе Регионална библиотека "Любен Каравелов" Русе Заемна - подръчен фонд 2019-11-11 Заемна - подръчен фонд 2.00   П 895-31/Л 54 120000837786   1.02   Книги Universal Decimal Classification
Vip Innovations Ltd, Rousse, Bulgaria 2025